MARC details
| 000 -CABECERA |
| campo de control de longitud fija |
02550nam a2200301 a 4500 |
| 001 - NÚMERO DE CONTROL |
| campo de control |
000027045 |
| 003 - IDENTIFICADOR DEL NÚMERO DE CONTROL |
| campo de control |
DO-SdBNP |
| 005 - FECHA Y HORA DE LA ÚLTIMA TRANSACCIÓN |
| campo de control |
20251120073733.0 |
| 007 - CAMPO FIJO DE DESCRIPCIÓN FÍSICA--INFORMACIÓN GENERAL |
| campo de control de longitud fija |
ta |
| 008 - DATOS DE LONGITUD FIJA--INFORMACIÓN GENERAL |
| campo de control de longitud fija |
110329s1981 dr 000 0 spa d |
| 040 ## - FUENTE DE LA CATALOGACIÓN |
| Centro catalogador/agencia de origen |
DO-SdBNP |
| Lengua de catalogación |
spa |
| Centro/agencia transcriptor |
BNPHU |
| 082 #4 - NÚMERO DE LA CLASIFICACIÓN DECIMAL DEWEY |
| Número de clasificación |
330.97293 |
| Número de documento/Ítem |
V422c |
| Número de edición |
22 |
| 100 1# - ENTRADA PRINCIPAL--NOMBRE DE PERSONA |
| Nombre de persona |
Vega, Bernardo, |
| Fechas asociadas al nombre |
1938 - |
| 9 (RLIN) |
3222 |
| 245 13 - MENCIÓN DE TÍTULO |
| Título |
La coyuntura económica dominicana 1980-1981 / |
| Mención de responsabilidad, etc. |
Bernardo Vega ; prólogo Rafael Herrera |
| 260 ## - PUBLICACIÓN, DISTRIBUCIÓN, ETC. |
| Lugar de publicación, distribución, etc. |
Santiago, República Dominicana : |
| Nombre del editor, distribuidor, etc. |
UCMM, |
| Fecha de publicación, distribución, etc. |
1981 |
| 300 ## - DESCRIPCIÓN FÍSICA |
| Extensión |
146 p. ; |
| Dimensiones |
22 cm. |
| 490 1# - MENCIÓN DE SERIE |
| Mención de serie |
Estudios ; |
| Designación de volumen o secuencia |
73 |
| 505 ## - NOTA DE CONTENIDO CON FORMATO |
| Nota de contenido con formato |
Introducción |
| Título |
Prólogo. / |
| Mención de responsabilidad |
Don Rafael Herrera.-- |
| Título |
Imperialismo a la Criolla (3 de mayo de 1980).-- |
| -- |
Cuadrando el descuadre (24 de mayo de 1980).-- |
| -- |
El quinto del rey y el decimo de la OPEP (14 de junio de 1980).-- |
| -- |
El parto de los mini- dólares (5 de julio de 1980).-- |
| -- |
Mitos y leyendas económicas en Santo Domingo (12 de julio de 1980).-- |
| -- |
Carta a mí mismo (18 de julio de 1980).-- |
| -- |
Los dólares ajenos (26 de julio de 1980).-- .-- |
| -- |
Juan Bobo y Pedro Animal (2 de agosto de 1980).-- |
| -- |
Sueño a la Sombra de las Pirámides. (23 de agosto de 1980).-- |
| -- |
Grado de cumplimiento de programa económico del gobierno (30 de agosto de 1980).-- |
| -- |
La Fábula de los tres motores (13 de septiembre de 1980).-- |
| -- |
Los apuros de la clase media dominicana, a pesar del discreto encanto de nuestra burguesía (4 de octubre de 1980).-- |
| -- |
El difícil parto de las agroindustrias (11 de octubre de 1980).-- |
| -- |
Venezuela: Financiamientos, Refinerías, Exploraciones y otros Corotos (18 de octubre de 1980).-- |
| -- |
Recordando mis Tiempos de Estudiantes (25 de octubre de 1980).-- |
| -- |
¿Quién realmente paga el costo de nuestra electricidad? (1 de noviembre de 1980).-- |
| -- |
El Estado Promotor (8 de noviembre de 1980).-- |
| -- |
Contrastes (15 de noviembre de 1980).-- |
| -- |
Capítulo Inédito del Diario del Almirante de la Mar Oceana (22 de noviembre de 1980).-- |
| -- |
La Pastoral Económica (6 de diciembre de 1980).-- |
| -- |
Se acaba el Maní (20 de diciembre de 1980).-- |
| -- |
La Catedra de Economía (28 de febrero de 1981 |
| 590 ## - NOTA LOCAL (RLIN) |
| Nota local |
Inventariado, 2018/VM |
| 651 #4 - PUNTO DE ACCESO ADICIONAL DE MATERIA--NOMBRE GEOGRÁFICO |
| Nombre geográfico |
República Dominicana |
| Subdivisión general |
Condiciones económicas |
| Subdivisión cronológica |
1980-1981 |
| 9 (RLIN) |
54136 |
| 651 #4 - PUNTO DE ACCESO ADICIONAL DE MATERIA--NOMBRE GEOGRÁFICO |
| Nombre geográfico |
República Dominicana |
| Subdivisión general |
Política económica |
| Subdivisión cronológica |
1980-1981 |
| 9 (RLIN) |
54137 |
| 651 #4 - PUNTO DE ACCESO ADICIONAL DE MATERIA--NOMBRE GEOGRÁFICO |
| Nombre geográfico |
República Dominicana |
| Subdivisión general |
Relaciones económicas exteriores |
| Subdivisión cronológica |
1980-1981 |
| 9 (RLIN) |
54138 |
| 700 1# - PUNTO DE ACCESO ADICIONAL--NOMBRE DE PERSONA |
| Nombre de persona |
Herrera, Rafael, |
| Término indicativo de función/relación |
prólogo |
| 9 (RLIN) |
8495 |
| 710 2# - PUNTO DE ACCESO ADICIONAL--NOMBRE DE ENTIDAD CORPORATIVA |
| Nombre de entidad corporativa o nombre de jurisdicción como elemento de entrada |
Pontificia Universidad Católica Madre y Maestra |
| 9 (RLIN) |
843 |
| 830 #0 - PUNTO DE ACCESO ADICIONAL DE SERIE-TÍTULO UNIFORME |
| Título uniforme |
Estudios |
| Número de parte o sección de la obra |
73 |
| 9 (RLIN) |
83188 |
| 910 ## - DATOS DE OPCIÓN DEL USUARIO (OCLC) |
| Datos de opción del usuario |
Validado. Control de calidad MFF |
| 942 ## - ELEMENTOS DE PUNTO DE ACCESO ADICIONAL (KOHA) |
| Fuente del sistema de clasificación o colocación |
Dewey Decimal Classification |
| Tipo de ítem Koha |
Libro |